000 00214 a2200097 4500
001 23137
100 _aLings, M
245 _aMuslim Saints of the 20th Century
260 _a
_bG Allen
_c1961
090 _c15677
_d15677
942 _aNUST-CAE
_cM
_c6310
999 _c258210
_d258210